Učiteľ a učiteľská profesia

Uložené v:
Podrobná bibliografia
Hlavný autor: Špendla, Vojtech
Médium: Kniha
Jazyk:Slovak
Vydavateľské údaje: Bratislava Slovenské pedagogické nakladateľstvo 1974
Tagy: Pridať tag
Žiadne tagy, Buďte prvý, kto otaguje tento záznam!

MARC

LEADER 00000nam a2200000 4500
001 c120549
005 20041019155217.3
041 0 |a slo 
044 |a SK 
245 1 0 |a Učiteľ a učiteľská profesia  |c Vojtech Špendla 
264 1 |a Bratislava  |b Slovenské pedagogické nakladateľstvo  |c 1974 
300 |a 287 s. 
100 1 |a Špendla, Vojtech